Szczegóły MARC21

Sztuka świata. T. 3 /

003 -Nazwa inst., której nr kontr. jest w polu 001 [,]
    • @
    • Nazwa instytucji, której n kontrolny jest w polu 001
    • NUKAT
005 -DATA I CZAS OSTATNIEJ MODYFIKACJI [,]
    • @
    • pole kontrolne
    • 20241231093118.0
020 -Międzynarod. znormalizowany nr książki - ISBN [ , ]
    • a
    • Numer ISBN
    • 8321334792 Find
    • q
    • Dopowiedzenie
    • całość
020 -Międzynarod. znormalizowany nr książki - ISBN [ , ]
    • a
    • Numer ISBN
    • 8321336647 Find
    • q
    • Dopowiedzenie
    • t. 3
040 -Instytucja sporządzająca opis [ , ]
    • a
    • Instytucja, która sporządziła opis (NP)
    • LUBL U/bg
    • c
    • Instytucja, która sporządziła rekord (NP)
    • LUBL U/bg
    • d
    • Instytucja, która zmodyfikowała rekord (P)
    • LUBL U/bgk
    • d
    • Instytucja, która zmodyfikowała rekord (P)
    • LUBL U/ABs
    • d
    • Instytucja, która zmodyfikowała rekord (P)
    • WR O/ZW
    • d
    • Instytucja, która zmodyfikowała rekord (P)
    • GL 001/KGMs
    • d
    • Instytucja, która zmodyfikowała rekord (P)
    • GD 27/LKs
041 -Język dokumentu [1, ]
    • a
    • Język tekstu (P)
    • polski
    • h
    • Język tekstu oryginalnego i/lub pośredniego (P)
    • hiszpański
942 -Rodzaj dokumentu [ , ]
    • c
    • Rodzaj dokumentu
    • Książka
245 -Strefa tytułu i oznaczenia odpowiedzialności [0,0]
    • a
    • Tytuł
    • Sztuka świata. Find
    • n
    • Oznaczenie części (P)
    • T. 3 /
    • c
    • Pozostałe elementy strefy tytułu i oznaczenia odpowiedzialności (NP)
    • [aut. wyd. hisz. Pedro de Palol, José Pijoan ; aut. tekstów pol. Anna Lewicka-Morawska et al. ; przekł. z hisz. Joanna Skórnicka, Marek Machowski ; red. nauk. t. Marek Machowski].
246 -Wariant tytułu [1, ]
    • i
    • Tekst wyświetlany na ekranie monitora (NP)
    • Tyt. oryg.:
    • a
    • Tytuł (NP)
    • Historia del arte
260 -Strefa adresu wydawniczego [ , ]
    • a
    • Miejsce wydania (P)
    • Warszawa :
    • b
    • Nazwa wydawcy (P)
    • Arkady,
    • c
    • Data wydania (P)
    • 1993.
300 -Strefa opisu fizycznego [ , ]
    • a
    • Określenie formy książki i/lub objętość (NP)
    • 470, [2] s. :
    • b
    • Oznaczenie ilustracji (NP)
    • il. kolor. ;
    • c
    • Format (NP)
    • 30 cm.
336 -Typ zawartości [ , ]
    • a
    • Termin opisujący typ zawartości
    • Tekst
    • b
    • Kod określający zawartość
    • txt
    • 2
    • Źródło (terminu i kodu)
    • rdacontent
337 -Typ mediów [ , ]
    • a
    • Tryb odtwarzania
    • Bez urządzenia pośredniczącego
    • b
    • Kod typu mediów
    • n
    • 2
    • Źródło (terminu i kodu)
    • rdamedia
338 -Typ/rodzaj nośnika [ , ]
    • a
    • Hasło opisujące typ nośnika
    • Wolumin
    • b
    • Kod typu nośnika
    • nc
    • 2
    • Źródło (terminu i kodu)
    • rdacarrier
504 -Uwaga dot. bibliogr. załącznikowej [ , ]
    • a
    • Uwaga dot. bibliografii załącznikowej
    • Bibliogr. s. 462-[464]. Indeks.
080 -Uniwersalna Klasyfikacja Dziesiętna [ , ]
    • a
    • Symbol klasyfikacji
    • 7.03(100)(091)(084.11)
650 -Hasło przedmiotowe [ ,7]
    • a
    • Hasło przedmiotowe
    • Sztuka bizantyjska.
    • 2
    • Źródło terminu
    • kaba
    • 9
    • KHW
    • 132317
650 -Hasło przedmiotowe [ ,7]
    • a
    • Hasło przedmiotowe
    • Sztuka romańska.
    • 2
    • Źródło terminu
    • kaba
    • 9
    • KHW
    • 132412
650 -Hasło przedmiotowe [ ,7]
    • a
    • Hasło przedmiotowe
    • Sztuka
    • z
    • Określnik geograficzny
    • Armenia.
    • 2
    • Źródło terminu
    • kaba
    • 9
    • KHW
    • 132219
650 -Hasło przedmiotowe [ ,7]
    • a
    • Hasło przedmiotowe
    • Sztuka
    • z
    • Określnik geograficzny
    • Gruzja.
    • 2
    • Źródło terminu
    • kaba
    • 9
    • KHW
    • 544037
650 -Hasło przedmiotowe [ ,7]
    • a
    • Hasło przedmiotowe
    • Sztuka wczesnochrześcijańska.
    • 2
    • Źródło terminu
    • kaba
    • 9
    • KHW
    • 132428
650 -Hasło przedmiotowe [ ,7]
    • a
    • Hasło przedmiotowe
    • Sztuka preromańska.
    • 2
    • Źródło terminu
    • kaba
    • 9
    • KHW
    • 132403
980 -Symbol UKD [ , ]
    • a
    • UKD
    • 7.03(100)(091)(084.11)
700 -Hasło dodatkowe - nazwa osobowa [1, ]
    • a
    • Nazwa osobowa (NP)
    • Palol, Pedro de Find
    • d
    • Daty biograficzne (NP)
    • (1923- ).
    • 9
    • KHW
    • 543889
700 -Hasło dodatkowe - nazwa osobowa [1, ]
    • a
    • Nazwa osobowa (NP)
    • Pijoán, José Find
    • d
    • Daty biograficzne (NP)
    • (1881-1963).
    • 9
    • KHW
    • 543882
700 -Hasło dodatkowe - nazwa osobowa [1, ]
    • a
    • Nazwa osobowa (NP)
    • Lewicka-Morawska, Anna Find
    • d
    • Daty biograficzne (NP)
    • (1952-2015).
    • 9
    • KHW
    • 543880
700 -Hasło dodatkowe - nazwa osobowa [1, ]
    • a
    • Nazwa osobowa (NP)
    • Skórnicka-Nalepina, Joanna. Find
    • e
    • Określenie rodzaju współpracy
    • Tł.
    • 9
    • KHW
    • 484351
700 -Hasło dodatkowe - nazwa osobowa [1, ]
    • a
    • Nazwa osobowa (NP)
    • Machowski, Marek. Find
    • e
    • Określenie rodzaju współpracy
    • Red.
    • 9
    • KHW
    • 543886
710 -Hasło dodatkowe - nazwa ciała zbiorowego [2, ]
    • a
    • Nazwa ciała zbiorowego lub nazwa geograficzna jako pierwszy element (NP)
    • Wydawnictwo Arkady.
    • 4
    • Kod relacji
    • pbl
    • 9
    • KHW
    • 506560
920 -ISBN [ , ]
    • a
    • ISBN
    • 83-213-3479-2 Find
    • q
    • Dopowiedzenie
    • całość
920 -ISBN [ , ]
    • a
    • ISBN
    • 83-213-3664-7 Find
    • q
    • Dopowiedzenie
    • t. 3
Sygnatura Numer inwentarzowy Status udost. Lokalizacja Data inwentaryzacji
 Z.832101BG1997-05-19
POL. Sztuka 21P.110941BM1997-05-19
 Pd.65741BNS1997-05-19